Giáo trình marketing

Tổng quan về Marketing, nghiên cứu tổng hợp về thị trường. Các chính sách trong marketing, kế hoạch hoá hoạt động marketing

Na minha lista:
Detalhes bibliográficos
Formato: Livro
Idioma:Undetermined
Publicado em: Hà Nội Tài Chính 2000
Assuntos:
Tags: Adicionar Tag
Sem tags, seja o primeiro a adicionar uma tag!
Thư viện lưu trữ: Trung tâm Học liệu Trường Đại học Cần Thơ
LEADER 00629nam a2200181Ia 4500
001 CTU_40552
008 210402s9999 xx 000 0 und d
020 |c 15000 
082 |a 380.1 
082 |b Gi108 
245 0 |a Giáo trình marketing 
260 |a Hà Nội 
260 |b Tài Chính 
260 |c 2000 
520 |a Tổng quan về Marketing, nghiên cứu tổng hợp về thị trường. Các chính sách trong marketing, kế hoạch hoá hoạt động marketing 
650 |a Commerce,Marketing 
904 |i Minh, Hải 
980 |a Trung tâm Học liệu Trường Đại học Cần Thơ